[Event "Offene Hessische Senioren Einzelmeisters"]
[Site "Bad Sooden- Allendorf"]
[Date "2013.04.20"]
[Round "1.27"]
[White "Pape, Manfred"]
[Black "Kienel, Norbert"]
[Result "1-0"]
[WhiteElo "2040"]
[BlackElo "1611"]
[PlyCount "89"]
[EventDate "2013.??.??"]
[WhiteTeam "SK Bad Harzburg"]
[BlackTeam "SV Osnabrück"]

1. e4 c5 2. Nc3 Nc6 3. Bb5 e6 4. Bxc6 dxc6 5. Nf3 Bd6 6. d3 e5 7. O-O Bg4 8. h3
Bh5 9. Re1 Ne7 10. Qe2 Qc7 11. Nd1 f6 12. Ne3 Bxf3 13. Qxf3 O-O 14. Qg4 Qc8 15.
Nc4 Qxg4 16. hxg4 Bc7 17. Be3 b6 18. a4 Rfe8 19. g3 a5 20. Kg2 Ng6 21. Rh1 Rad8
22. g5 Nf8 23. gxf6 gxf6 24. Rh6 Ng6 25. Rf1 b5 26. Nd2 Bd6 27. Nb3 bxa4 28.
Nxa5 Rb8 29. Nc4 Be7 30. Ra1 Ra8 31. Nb6 Ra6 32. Nxa4 Rb8 33. b3 Nf8 34. Rah1
Ra7 35. Nxc5 Ra2 36. Rc1 Bxc5 37. Bxc5 Ne6 38. Bd6 Re8 39. c3 Rd2 40. Rxf6 Rxd3
41. Bxe5 Nc5 42. Rf5 Nxb3 43. Rb1 Nd2 44. Rb7 Nxe4 45. Rg7+ 1-0

[Event "Offene Hessische Senioren Einzelmeisters"]
[Site "Bad Sooden- Allendorf"]
[Date "2013.04.20"]
[Round "1.28"]
[White "Van Houten, Henk"]
[Black "Weyrauch, Erich"]
[Result "0-1"]
[WhiteElo "1609"]
[BlackElo "2026"]
[PlyCount "56"]
[EventDate "2013.??.??"]
[WhiteTeam "SC Gronau 1920 e.V."]
[BlackTeam "SV Letmathe 1933 e.V."]

1. b3 c5 2. c4 Nf6 3. Bb2 e6 4. e3 b6 5. Be2 Bb7 6. Bf3 Nc6 7. a3 Be7 8. d4
cxd4 9. exd4 d5 10. cxd5 Nxd5 11. Ne2 Bf6 12. Nd2 g6 13. Rc1 O-O 14. O-O Bg7
15. b4 Qd7 16. Nb3 Nce7 17. Ng3 Rfd8 18. Rc2 Rac8 19. Rxc8 Rxc8 20. Qd2 Qa4 21.
Bd1 Qc6 22. Ne2 Nxb4 23. f3 Nbd5 24. Na1 Nf5 25. Bb3 Bh6 26. Qd3 Nf4 27. Nxf4
Bxf4 28. Nc2 Qd6 0-1

[Event "Offene Hessische Senioren Einzelmeisters"]
[Site "Bad Sooden- Allendorf"]
[Date "2013.04.20"]
[Round "1.29"]
[White "Szenetra, Werner"]
[Black "Viererbe, Hartmut"]
[Result "1/2-1/2"]
[WhiteElo "2022"]
[BlackElo "1607"]
[Annotator ",Microsoft"]
[PlyCount "124"]
[EventDate "2013.??.??"]
[WhiteTeam "SV Berenbostel"]
[BlackTeam "SC 51 Nordhausen"]

1. Nf3 d5 2. g3 g6 3. Bg2 Bg7 4. O-O Bg4 5. d3 Bxf3 6. Bxf3 e6 7. Nd2 c6 8. e4
Ne7 9. Be2 O-O 10. f4 Bxb2 11. Bxb2 Qb6+ 12. Kh1 Qxb2 13. Rb1 Qxa2 14. Rxb7 Re8
15. Qb1 Qxb1 16. Rfxb1 Kf8 17. c4 Na6 18. d4 Reb8 19. cxd5 cxd5 20. Bf1 Rxb7
21. Rxb7 Nb8 22. Bb5 Nbc6 23. exd5 exd5 24. Nf3 a5 25. Rc7 Na7 26. Ba4 f6 27.
g4 Nac8 28. g5 f5 29. Ne5 Nb6 30. Nd7+ Nxd7 31. Rxd7 Rb8 32. Ra7 Rb4 33. Rxa5
Rxd4 34. Ra8+ Kf7 35. Be8+ Kg7 36. Ra4 Rxa4 37. Bxa4 d4 38. Bb3 d3 39. Kg2 d2
40. Kf2 Nd5 41. Ke2 Nxf4+ 42. Kxd2 Nh3 43. Ke3 Nxg5 44. h4 Ne4 45. Bd5 Nf6 46.
Bb3 h6 47. Kf4 Nh5+ 48. Ke5 Nf6 49. Bd1 Nd7+ 50. Ke6 Nc5+ 51. Ke5 Nd3+ 52. Ke6
f4 53. Be2 Ne1 54. Ke5 Ng2 55. Ke4 Kf6 56. Kf3 Nxh4+ 57. Kxf4 g5+ 58. Ke4 Ng2
59. Ba6 Nf4 60. Kf3 Ke5 61. Bb7 Ne6 62. Kg3 h5 {Rest fehlende Notation} 1/2-1/2

[Event "Offene Hessische Senioren Einzelmeisters"]
[Site "Bad Sooden- Allendorf"]
[Date "2013.04.20"]
[Round "1.30"]
[White "Roth, Reinhard"]
[Black "Stimpel, Franz"]
[Result "0-1"]
[WhiteElo "1604"]
[BlackElo "2015"]
[PlyCount "74"]
[EventDate "2013.??.??"]
[WhiteTeam "Sfr. Taunus Königstein/Schwalbac"]
[BlackTeam "Wiesbadener SV 1885"]

1. e4 e6 2. d4 d5 3. Nc3 Bb4 4. e5 c5 5. Bb5+ Bd7 6. Bxd7+ Qxd7 7. Nf3 Nc6 8.
a3 Ba5 9. O-O Nxd4 10. Nxd4 cxd4 11. Qxd4 Ne7 12. Bg5 Nc6 13. Qc5 Bc7 14. Rad1
b6 15. Qb5 a6 16. Qe2 Bxe5 17. Be3 Qc7 18. g3 d4 19. f4 Bf6 20. Ne4 dxe3 21.
Nd6+ Kf8 22. c3 Be7 23. Ne4 h6 24. f5 exf5 25. Rxf5 g6 26. Rff1 Qe5 27. Qf3 Qe6
28. Rde1 Re8 29. b4 Kg7 30. Rxe3 Ne5 31. Qg2 Rhf8 32. h3 f5 33. Nd2 Bg5 34. Re2
Nf3+ 35. Nxf3 Qxe2 36. Nxg5 Qxg2+ 37. Kxg2 hxg5 0-1

[Event "Offene Hessische Senioren Einzelmeisters"]
[Site "Bad Sooden- Allendorf"]
[Date "2013.04.20"]
[Round "1.31"]
[White "Holscher, Peter"]
[Black "Strozewski, Günter"]
[Result "1-0"]
[WhiteElo "2005"]
[BlackElo "1604"]
[Annotator ",Microsoft"]
[PlyCount "109"]
[EventDate "2013.??.??"]
[WhiteTeam "Caissa Hoorn"]
[BlackTeam "SV Erkenschwick 1923 e"]

1. d4 e6 2. c4 Nf6 3. Nf3 b6 4. g3 Bb7 5. Bg2 c5 6. Nc3 cxd4 7. Qxd4 Bc5 8. Qd3
Nc6 9. O-O Nb4 10. Qb1 Rc8 11. a3 Nc6 12. Bg5 h6 13. Bxf6 Qxf6 14. Ne4 Qe7 15.
b4 Bd6 16. Qd3 Bb8 17. Rad1 O-O 18. Qxd7 Rc7 19. Qxe7 Nxe7 20. Nd6 Bxf3 21.
Bxf3 Nc6 22. e3 Ne5 23. Be2 Rc6 24. f4 Bxd6 25. fxe5 Bxe5 26. Rd7 a6 $11 27.
Ra7 a5 28. bxa5 bxa5 29. Rxa5 Bc3 30. Ra7 Bd2 31. Rf3 Rc5 32. Kf2 Re5 33. Bd3
f5 34. Ke2 Bc1 35. g4 Rb8 36. gxf5 Rb2+ 37. Kd1 Bxe3 38. Ra8+ Kf7 39. fxe6+
Kxe6 40. Re8+ Kd6 41. Rxe3 Rxe8 42. Rxe8 Rxh2 43. Be2 Rh1+ 44. Kc2 g5 45. Kd3
h5 46. Kd4 h4 47. Rg8 Rg1 48. Rg6+ Ke7 49. Rh6 Rg3 50. Bd3 h3 51. c5 g4 52. c6
Kd8 53. Rh7 Rg1 54. c7+ Kc8 55. Ba6# 1-0

[Event "Offene Hessische Senioren Einzelmeisters"]
[Site "Bad Sooden- Allendorf"]
[Date "2013.04.20"]
[Round "1.32"]
[White "Kirchberg, Hans-Georg"]
[Black "Haselhorst, Helmut"]
[Result "1-0"]
[WhiteElo "1597"]
[BlackElo "2003"]
[PlyCount "99"]
[EventDate "2013.??.??"]
[WhiteTeam "SK Dingelstädt 1921"]
[BlackTeam "SK Ostbevern/Westbevern"]

1. d4 Nf6 2. Bg5 e6 3. Nd2 c5 4. e3 b6 5. Bd3 Bb7 6. Ngf3 Be7 7. c3 O-O 8. O-O
d6 9. Re1 Nbd7 10. h3 Re8 11. e4 cxd4 12. cxd4 e5 13. d5 Nxd5 14. Bxe7 Nxe7 15.
b4 Ng6 16. Nc4 Nf6 17. Qb3 d5 18. Ncd2 dxe4 19. Nxe4 Nxe4 20. Bxe4 Bxe4 21.
Rxe4 Qf6 22. Rae1 Rad8 23. Qc3 Rd5 24. Qc7 Qe7 25. Qc4 Qd7 26. a3 h6 27. h4 h5
28. Rc1 Rd1+ 29. Rxd1 Qxd1+ 30. Re1 Qd6 31. Ng5 Qe7 32. g3 Qd7 33. Qe2 Qg4 34.
Qb5 Rd8 35. Re4 Qd7 36. Qc4 Qd5 37. Qxd5 Rxd5 38. Rc4 Nf8 39. Rc8 g6 40. Kf1
Kg7 41. Re8 f6 42. Re7+ Kg8 43. Ne4 Rd3 44. Nxf6+ Kh8 45. Rxa7 Rf3 46. Rf7 Rxa3
47. Rxf8+ Kg7 48. Nd7 Rb3 49. Rb8 Rxb4 50. Rxb6 1-0

[Event "Offene Hessische Senioren Einzelmeisters"]
[Site "Bad Sooden- Allendorf"]
[Date "2013.04.20"]
[Round "1.33"]
[White "Oud, Niek"]
[Black "Janzen, Christian"]
[Result "1-0"]
[WhiteElo "1992"]
[BlackElo "1597"]
[PlyCount "45"]
[EventDate "2013.??.??"]
[WhiteTeam "VAS"]
[BlackTeam "TSV Marienfelde 1890 e.V."]

1. d4 d5 2. Nf3 Nd7 3. c4 dxc4 4. e4 Nb6 5. Nc3 e6 6. a4 a5 7. Be2 Bb4 8. O-O
Ne7 9. Ne5 Ng6 10. Nxc4 Nxc4 11. Bxc4 O-O 12. Be3 c6 13. f4 Re8 14. Qd3 Qe7 15.
Rae1 Bd7 16. f5 Nf8 17. Rf3 Rad8 18. Ref1 Bc8 19. f6 gxf6 20. Rxf6 Ng6 21. Bg5
Ne5 22. Qg3 Nxc4 23. Bh6+ 1-0

[Event "Offene Hessische Senioren Einzelmeisters"]
[Site "Bad Sooden- Allendorf"]
[Date "2013.04.20"]
[Round "1.34"]
[White "Van Vorselen, Theo"]
[Black "Haase, Wolfgang"]
[Result "0-1"]
[WhiteElo "1595"]
[BlackElo "1991"]
[PlyCount "46"]
[EventDate "2013.??.??"]
[WhiteTeam "DD Den Haag"]
[BlackTeam "SV CAISSA e. V. Kassel"]

1. e4 c5 2. Nf3 g6 3. d4 Bg7 4. c3 Qc7 5. Be3 d6 6. Be2 Nd7 7. O-O Ngf6 8. Nbd2
Ng4 9. Bf4 e5 10. dxe5 dxe5 11. Bg3 O-O 12. h3 Ngf6 13. Qc2 Nh5 14. Bh2 Nf4 15.
Bc4 Nb6 16. Bxf4 exf4 17. Be2 h6 18. Rad1 Be6 19. Rfe1 g5 20. Nf1 Rae8 21. Bb5
Re7 22. N3h2 c4 23. f3 Qc5+ 0-1

[Event "Offene Hessische Senioren Einzelmeisters"]
[Site "Bad Sooden- Allendorf"]
[Date "2013.04.20"]
[Round "1.35"]
[White "Villing, Dieter"]
[Black "Tomas, Johann"]
[Result "1-0"]
[WhiteElo "1987"]
[BlackElo "1590"]
[Annotator ",Microsoft"]
[PlyCount "36"]
[EventDate "2013.??.??"]
[WhiteTeam "SK 1962 Ladenburg"]
[BlackTeam "SK Bad Sooden-Allendorf"]

1. e4 c6 2. d4 e6 3. Nc3 Bb4 4. Bd3 d6 5. Nf3 Nd7 6. O-O Ne7 7. Ne2 Ng6 8. c3
Ba5 9. Ng3 O-O 10. Ng5 h6 11. Nh3 Nf6 12. f4 e5 13. f5 Nh8 14. Nh5 Bb6 15. Be3
d5 16. Nxf6+ Qxf6 17. Qh5 exd4 18. e5 Qxe5 {Rest nicht zu rekonstruieren} 1-0

[Event "Offene Hessische Senioren Einzelmeisters"]
[Site "Bad Sooden- Allendorf"]
[Date "2013.04.20"]
[Round "1.36"]
[White "Hampe, Werner"]
[Black "Kripp, Wolfgang"]
[Result "0-1"]
[WhiteElo "1587"]
[BlackElo "1982"]
[PlyCount "88"]
[EventDate "2013.??.??"]
[WhiteTeam "SK Lister Turm"]
[BlackTeam "SAbt SG 1945 Dietzenbach"]

1. c4 e6 2. g3 d5 3. Bg2 Nf6 4. Nf3 d4 5. d3 c5 6. O-O Nc6 7. a3 a5 8. Bg5 h6
9. Bxf6 Qxf6 10. Nbd2 Qd8 11. Rb1 Be7 12. Ne1 e5 13. e3 Be6 14. exd4 exd4 15.
f4 Qd7 16. Ndf3 O-O 17. Ne5 Nxe5 18. fxe5 Bg4 19. Bf3 Bh3 20. Bg2 Rae8 21. Bxh3
Qxh3 22. Nf3 g5 23. Kh1 Qe6 24. Re1 f6 25. exf6 Qxf6 26. Ng1 Bd8 27. Qd2 a4 28.
Qg2 Qc6 29. Qxc6 bxc6 30. Kg2 Ba5 31. Rxe8 Rxe8 32. Rd1 Rb8 33. Rb1 Bc3 34. Nf3
Rxb2+ 35. Rxb2 Bxb2 36. Nd2 Bxa3 37. Kf1 Bb2 38. Ne4 a3 39. Nxc5 a2 40. Nb3
a1=Q+ 41. Nxa1 Bxa1 42. g4 Kf7 43. Ke2 Ke6 44. Kf3 Ke5 0-1

[Event "Offene Hessische Senioren Einzelmeisters"]
[Site "Bad Sooden- Allendorf"]
[Date "2013.04.20"]
[Round "1.37"]
[White "Gerhardt, Peter-Michael"]
[Black "Schiller, Hans"]
[Result "1-0"]
[WhiteElo "1975"]
[BlackElo "1586"]
[PlyCount "49"]
[EventDate "2013.??.??"]
[WhiteTeam "SC Vahr"]
[BlackTeam "SF Bad Lausick"]

1. d4 d5 2. c4 c6 3. Nc3 Nf6 4. Nf3 Nbd7 5. e3 e6 6. Bd3 dxc4 7. Bxc4 b5 8. Bd3
a6 9. O-O Bb7 10. b3 c5 11. dxc5 Bxc5 12. Be2 O-O 13. Bb2 Qe7 14. Rc1 Rfd8 15.
Qc2 Rac8 16. Qb1 Bb4 17. Rfd1 Nd5 18. Nxd5 Bxd5 19. Nd4 Qg5 20. Bf3 Rxc1 21.
Qxc1 Ne5 22. Bxd5 Rxd5 23. f4 Qh6 24. fxe5 Bc5 25. Nc2 1-0

[Event "Offene Hessische Senioren Einzelmeisters"]
[Site "Bad Sooden- Allendorf"]
[Date "2013.04.20"]
[Round "1.38"]
[White "Schmieder, Wolfgang"]
[Black "Schneider, Alexander"]
[Result "0-1"]
[WhiteElo "1586"]
[BlackElo "1974"]
[PlyCount "50"]
[EventDate "2013.??.??"]
[WhiteTeam "Kasseler SK 1876"]
[BlackTeam "Wilhelmshavener SC von 1887 e. V"]

1. c4 e5 2. Nc3 Nc6 3. Nf3 g6 4. d4 exd4 5. Nxd4 Bg7 6. e3 Nge7 7. g3 O-O 8.
Bg2 Nxd4 9. exd4 Nf5 10. Be3 Re8 11. Be4 c5 12. Qd3 cxd4 13. Bxd4 Nxd4 14. O-O
d6 15. Rad1 Bf5 16. Bxf5 Nxf5 17. b3 Nd4 18. Rfe1 Rxe1+ 19. Rxe1 Qa5 20. Re4
Nxb3 21. axb3 Qxc3 22. Qxd6 Qxb3 23. Rf4 Qb1+ 24. Kg2 Qb6 25. Qe7 Qc6+ 0-1

[Event "Offene Hessische Senioren Einzelmeisters"]
[Site "Bad Sooden- Allendorf"]
[Date "2013.04.20"]
[Round "1.39"]
[White "Hunold, Rolf"]
[Black "Heil, Rudolf"]
[Result "1-0"]
[WhiteElo "1974"]
[BlackElo "1583"]
[PlyCount "29"]
[EventDate "2013.??.??"]
[WhiteTeam "SV Letmathe 1933 e.V."]
[BlackTeam "SC Starnberg"]

1. e4 Nc6 2. Nc3 e5 3. Nf3 d6 4. h3 h6 5. d4 exd4 6. Nxd4 Bd7 7. Be3 Be7 8. Qd2
Bg5 9. O-O-O Bxe3 10. Qxe3 Nxd4 11. Rxd4 Qg5 12. f4 Qc5 13. Qd2 O-O-O 14. Nd5
Nf6 15. b4 1-0

[Event "Offene Hessische Senioren Einzelmeisters"]
[Site "Bad Sooden- Allendorf"]
[Date "2013.04.20"]
[Round "1.40"]
[White "Zoll, Theo"]
[Black "Romanow, Werner"]
[Result "0-1"]
[WhiteElo "1582"]
[BlackElo "1972"]
[PlyCount "100"]
[EventDate "2013.??.??"]
[WhiteTeam "ESV Rot-Weiß Göttingen"]
[BlackTeam "SV Merseburg"]

1. d4 Nf6 2. Bf4 d5 3. Nf3 c6 4. e3 Qb6 5. Qc1 Nbd7 6. h3 g6 7. Nbd2 Bg7 8. Bd3
O-O 9. O-O Re8 10. c3 a5 11. e4 dxe4 12. Nxe4 Nxe4 13. Bxe4 Nf6 14. Bd3 Be6 15.
Ne5 Rad8 16. Bc4 Bxc4 17. Nxc4 Qa6 18. Ne5 Qb5 19. Qc2 Nh5 20. Bh2 e6 21. a4
Qa6 22. Qd3 Qa8 23. Qc2 Bf8 24. Nc4 Rd7 25. Ne5 Rd5 26. Rad1 Red8 27. Nf3 c5
28. c4 R5d7 29. g4 Ng7 30. Be5 cxd4 31. Rd3 Ne8 32. Rfd1 Bc5 33. h4 f6 34. Bf4
e5 35. Bh6 e4 36. Rb3 d3 37. Qd2 exf3 38. Rf1 Rd4 39. Bf4 g5 40. hxg5 fxg5 41.
Bg3 Rxg4 42. Rxd3 Rxg3+ 43. Kh2 Rg2+ 44. Kh3 g4+ 45. Kh4 Be7+ 46. Kh5 Rxd3 47.
Qxd3 Qd8 48. Qd5+ Qxd5+ 49. cxd5 Ng7+ 50. Kh6 Rh2# 0-1

[Event "Offene Hessische Senioren Einzelmeisters"]
[Site "Bad Sooden- Allendorf"]
[Date "2013.04.20"]
[Round "1.41"]
[White "Limberg, Siegfried"]
[Black "Barlo, Werner"]
[Result "1/2-1/2"]
[WhiteElo "1970"]
[BlackElo "1579"]
[PlyCount "87"]
[EventDate "2013.??.??"]
[WhiteTeam "Sfr. Taunus Königstein/Schwalbac"]
[BlackTeam "SK Zehlendorf e.V."]

1. d4 Nf6 2. Nf3 e6 3. e3 d5 4. Bd3 Bd6 5. Nbd2 Nbd7 6. O-O O-O 7. Re1 e5 8. e4
dxe4 9. Nxe4 Nxe4 10. Bxe4 exd4 11. Nxd4 Nf6 12. Bf3 h6 13. Be3 c6 14. c3 Qc7
15. h3 Bd7 16. Qc2 Rfe8 17. Rad1 Rad8 18. Nf5 Bxf5 19. Qxf5 Re5 20. Qc2 Rde8
21. Rf1 a6 22. Rd2 Nd5 23. Bxd5 Rxd5 24. Rxd5 cxd5 25. Rd1 Rd8 26. Qb3 Qc6 27.
Bb6 Rd7 28. a4 Bc5 29. Bxc5 Qxc5 30. Rd4 Qc6 31. Qd1 b5 32. axb5 axb5 33. Qe2
Ra7 34. Qe5 Ra1+ 35. Kh2 Rb1 36. Rxd5 Rxb2 37. Rd8+ Kh7 38. Qf5+ Qg6 39. Qc8
Qf6 40. Rh8+ Kg6 41. Qg4+ Qg5 42. Qe4+ Qf5 43. Qc6+ Qf6 44. Qe4+ 1/2-1/2

[Event "Offene Hessische Senioren Einzelmeisters"]
[Site "Bad Sooden- Allendorf"]
[Date "2013.04.20"]
[Round "1.42"]
[White "Kynast, Reinhard"]
[Black "Rychlik, Kurt"]
[Result "1/2-1/2"]
[WhiteElo "1574"]
[BlackElo "1970"]
[PlyCount "120"]
[EventDate "2013.??.??"]
[WhiteTeam "Herforder SV Königsspr"]
[BlackTeam "SV Berenbostel"]

1. c4 g6 2. Nc3 Bg7 3. d4 d6 4. e4 Nc6 5. Nf3 e5 6. d5 Nce7 7. Be2 Nf6 8. O-O
O-O 9. Bg5 h6 10. Bh4 g5 11. Bg3 Nh5 12. h4 Nxg3 13. fxg3 g4 14. Nh2 h5 15. Bd3
f5 16. exf5 Bxf5 17. Qc2 Qd7 18. Ne4 Bh6 19. Qe2 Rf7 20. Rf2 Raf8 21. Raf1 a5
22. b3 Kg7 23. Qe1 b6 24. Qe2 Ng8 25. Rd1 a4 26. Nf1 axb3 27. axb3 Ra8 28. Ne3
Bg6 29. Rxf7+ Qxf7 30. Rf1 Qd7 31. Ng5 Bxg5 32. hxg5 e4 33. Bb1 Kh7 34. Nd1 Qe7
35. Qe3 Qe5 36. Nc3 Re8 37. Nb5 Re7 38. Nd4 Rf7 39. Rxf7+ Bxf7 40. Qxe4+ Qxe4
41. Bxe4+ Bg6 42. Bxg6+ Kxg6 43. Nb5 Kxg5 44. Nxc7 Nf6 45. Na8 Nd7 46. Kf2 Kf5
47. Ke3 Ke5 48. b4 b5 49. Kd3 bxc4+ 50. Kxc4 Ke4 51. b5 Ne5+ 52. Kb4 Kxd5 53.
Nc7+ Ke4 54. b6 d5 55. Na6 d4 56. Nc5+ Kd5 57. Kb5 Nc6 58. Nd3 Nb8 59. b7 Ke4
60. Kc4 Ke3 1/2-1/2

[Event "Offene Hessische Senioren Einzelmeisters"]
[Site "Bad Sooden- Allendorf"]
[Date "2013.04.20"]
[Round "1.43"]
[White "Arp, Frans"]
[Black "Samarian, Cornel"]
[Result "1-0"]
[WhiteElo "1970"]
[BlackElo "1574"]
[PlyCount "119"]
[EventDate "2013.??.??"]
[WhiteTeam "Haarlem"]
[BlackTeam "SC Pegasus Lohkirchen"]

1. e4 e5 2. Nf3 Nc6 3. Bb5 a6 4. Ba4 Nf6 5. O-O Be7 6. Re1 b5 7. Bb3 O-O 8. c3
d6 9. h3 Na5 10. Bc2 c5 11. d4 Nd7 12. Nbd2 Bf6 13. Nf1 g6 14. Ne3 Re8 15. Nd5
Bg7 16. dxc5 dxc5 17. Be3 Nc4 18. Bg5 f6 19. Bc1 Ncb6 20. b3 Bb7 21. c4 b4 22.
Be3 Nxd5 23. cxd5 Rc8 24. Nd2 Nb6 25. Nc4 Nxc4 26. bxc4 Re7 27. f3 Rf7 28. g4
g5 29. Qd2 Qd6 30. a3 a5 31. axb4 axb4 32. Ra5 Rfc7 33. Rea1 h6 34. Qf2 Bf8 35.
Kg2 Qd8 36. Bb3 Bd6 37. R1a4 Qf8 38. Rb5 Ra8 39. Qa2 Rxa4 40. Qxa4 Qe7 41. Rb6
Kg7 42. Qa5 Kh7 43. Ba4 Kg7 44. Bc6 Bxc6 45. dxc6 Ra7 46. Qxa7 Qxa7 47. Rb7+
Qxb7 48. cxb7 b3 49. Bxc5 Bb8 50. Ba3 Kf7 51. Kf2 Ke6 52. Ke2 Kd7 53. Kd3 Kc6
54. Kc3 Kxb7 55. Be7 b2 56. Kxb2 Ba7 57. Bxf6 Bd4+ 58. Kc2 Kc6 59. Bg7 Kc5 60.
Kd3 1-0

[Event "Offene Hessische Senioren Einzelmeisters"]
[Site "Bad Sooden- Allendorf"]
[Date "2013.04.20"]
[Round "1.44"]
[White "Weyand, Fernand"]
[Black "Heinzel, Peter"]
[Result "1/2-1/2"]
[WhiteElo "1570"]
[BlackElo "1970"]
[PlyCount "89"]
[EventDate "2013.??.??"]
[WhiteTeam "SV Saarbrücken 1970 e.V."]
[BlackTeam "SC Mülheim 08/25 e.V."]

1. e4 e6 2. d4 b6 3. Nf3 Bb7 4. Bd3 Nf6 5. Bg5 Be7 6. Qe2 h6 7. Bh4 d6 8. Nc3
Nbd7 9. h3 a6 10. Bg3 O-O 11. O-O b5 12. b3 Nh7 13. Nd1 c5 14. c3 g6 15. Ne3
Re8 16. Nc2 Qb6 17. Bf4 Bf8 18. Be3 Bg7 19. Qd2 h5 20. Rad1 Qc7 21. c4 Nhf6 22.
d5 bxc4 23. bxc4 e5 24. Bh6 Reb8 25. Bxg7 Kxg7 26. Qg5 Nh7 27. Qg3 Ndf6 28. Ne3
Bc8 29. Nh4 Ng8 30. Be2 Qd8 31. Bxh5 Qg5 32. Bf3 Rb2 33. Rb1 Rab8 34. Ra1 Ngf6
35. Nd1 Rd2 36. Re1 Rdb2 37. Re2 Rxe2 38. Bxe2 Qxg3 39. fxg3 Nxe4 40. g4 a5 41.
Nf3 Ba6 42. Bd3 Nef6 43. a3 Rb7 44. Nd2 Nxd5 45. Be4 1/2-1/2

[Event "Offene Hessische Senioren Einzelmeisters"]
[Site "Bad Sooden- Allendorf"]
[Date "2013.04.20"]
[Round "1.45"]
[White "Kopp, Peter"]
[Black "Bartels, Lothar"]
[Result "1-0"]
[WhiteElo "1964"]
[BlackElo "1568"]
[PlyCount "137"]
[EventDate "2013.??.??"]
[WhiteTeam "SV 1920 Hofheim"]
[BlackTeam "SG Lasker Steglitz-Wilmersdorf"]

1. e4 d5 2. exd5 Nf6 3. c4 c6 4. Nc3 cxd5 5. d4 e6 6. cxd5 Nxd5 7. Nf3 Be7 8.
Bd3 Nc6 9. O-O O-O 10. a3 b6 11. Qe2 Bb7 12. Rd1 Re8 13. Ne5 Nf6 14. Nxc6 Bxc6
15. Bf4 Nd5 16. Be5 Nxc3 17. bxc3 Bf6 18. Bxf6 Qxf6 19. Bb5 Bxb5 20. Qxb5 Rec8
21. Rd3 Rc7 22. a4 Rac8 23. a5 bxa5 24. Qxa5 g6 25. Rf3 Qe7 26. h3 Qd6 27. Rb1
Qd5 28. Qxd5 exd5 29. Rb3 a5 30. Ra3 a4 31. Rxa4 Rxc3 32. Rxc3 Rxc3 33. Ra5
Rc1+ 34. Kh2 Rd1 35. Rxd5 Kf8 36. Kg3 Ke7 37. Kf4 f6 38. Ke3 Ke6 39. Ra5 f5 40.
Ra7 h6 41. Ra6+ Kf7 42. Ra2 g5 43. Rd2 Re1+ 44. Kd3 Ra1 45. Re2 Rd1+ 46. Kc4 h5
47. Kd5 Ra1 48. Ke5 Ra5+ 49. d5 g4 50. h4 f4 51. Kxf4 Rxd5 52. Re5 Rd4+ 53. Ke3
Ra4 54. Rxh5 Kf6 55. Rd5 Kg6 56. Rd4 Ra3+ 57. Kf4 Kh5 58. g3 Rf3+ 59. Ke4 Rxf2
60. Rd5+ Kh6 61. Rg5 Ra2 62. Rxg4 Ra4+ 63. Kf3 Ra3+ 64. Kg2 Rb3 65. Rf4 Kh5 66.
Rf5+ Kg6 67. g4 Ra3 68. Rf3 Ra1 69. Kg3 1-0

[Event "Offene Hessische Senioren Einzelmeisters"]
[Site "Bad Sooden- Allendorf"]
[Date "2013.04.20"]
[Round "1.46"]
[White "Paulin, Dieter"]
[Black "Petzold, Dr. Hans"]
[Result "0-1"]
[WhiteElo "1566"]
[BlackElo "1964"]
[PlyCount "86"]
[EventDate "2013.??.??"]
[WhiteTeam "SK Dingelstädt 1921"]
[BlackTeam "USV TU Dresden"]

1. d4 e6 2. Nf3 Nf6 3. Bf4 b6 4. e3 Bb7 5. Be2 Be7 6. Nbd2 O-O 7. O-O d6 8. c4
Nbd7 9. Qc2 c5 10. Bg3 Nh5 11. Rad1 Nxg3 12. fxg3 Qc7 13. Bd3 g6 14. Be4 d5 15.
Bd3 Bf6 16. cxd5 exd5 17. e4 Rac8 18. e5 Bg7 19. Rc1 Qd8 20. Qa4 a6 21. Rce1 b5
22. Qd1 Qb6 23. Qe2 c4 24. Bb1 Rce8 25. Kh1 Bh6 26. g4 Re7 27. Qf2 Rfe8 28. Qh4
Bxd2 29. Nxd2 Qxd4 30. Nf3 Qxb2 31. Rf2 Qc3 32. Rfe2 Nf8 33. Re3 Qb4 34. Qf2
Ne6 35. Rd1 d4 36. Ree1 Bxf3 37. Qxf3 d3 38. Qe4 Rd8 39. Rxd3 Rxd3 40. Bxd3 Nc5
41. Qa8+ Kg7 42. Rb1 Rxe5 43. h3 Re1+ 0-1

[Event "Offene Hessische Senioren Einzelmeisters"]
[Site "Bad Sooden- Allendorf"]
[Date "2013.04.20"]
[Round "1.47"]
[White "Krebs, Dietmar"]
[Black "Dombrowe, Eckehard"]
[Result "1-0"]
[WhiteElo "1960"]
[BlackElo "1562"]
[PlyCount "39"]
[EventDate "2013.??.??"]
[WhiteTeam "Kölner SK Dr. Lasker 186"]
[BlackTeam "SG Nettetal 1929"]

1. e4 e5 2. Nf3 Nf6 3. Nc3 d6 4. d4 exd4 5. Nxd4 Bd7 6. Be2 Nc6 7. Be3 Be7 8.
h3 Nxd4 9. Qxd4 Bc6 10. g4 Rg8 11. g5 Nd7 12. f4 f6 13. h4 f5 14. Bc4 Rf8 15.
Qxg7 Nc5 16. O-O-O Nxe4 17. Nxe4 Bxe4 18. Rhe1 Qd7 19. Qh6 O-O-O 20. Be6 1-0

[Event "Offene Hessische Senioren Einzelmeisters"]
[Site "Bad Sooden- Allendorf"]
[Date "2013.04.20"]
[Round "1.48"]
[White "Richter, Stefan"]
[Black "Biller, Dr. Helmut"]
[Result "1/2-1/2"]
[WhiteElo "1556"]
[BlackElo "1959"]
[PlyCount "61"]
[EventDate "2013.??.??"]
[WhiteTeam "SV Empor West Zwickau"]
[BlackTeam "Sfr. Frankfurt 1921"]

1. e4 d6 2. d4 Nf6 3. Nc3 g6 4. h3 Nbd7 5. Nf3 e5 6. d5 Nc5 7. Bg5 h6 8. Bxf6
Qxf6 9. b4 Nd7 10. Nb5 Qd8 11. Be2 a6 12. Nc3 Bg7 13. O-O O-O 14. Nh2 f5 15.
exf5 gxf5 16. Rb1 b6 17. Rb3 Nf6 18. Nf3 Bd7 19. Nh4 Qe8 20. Qd3 Nh5 21. Bxh5
Qxh5 22. Qg3 Qg5 23. Ne2 Bf6 24. f4 Qxg3 25. Rxg3+ Kh7 26. Nf3 Bb5 27. c4 Bxc4
28. Rc1 Bxe2 29. Rxc7+ Kh8 30. Rg6 Bxf3 31. Rxh6+ 1/2-1/2

[Event "Offene Hessische Senioren Einzelmeisters"]
[Site "Bad Sooden- Allendorf"]
[Date "2013.04.20"]
[Round "1.49"]
[White "Reinhold, Dr. Klaus"]
[Black "Garms, Ilse"]
[Result "1-0"]
[WhiteElo "1957"]
[BlackElo "1551"]
[PlyCount "70"]
[EventDate "2013.??.??"]
[WhiteTeam "SC Gronau 1920 e.V."]
[BlackTeam "Brandenburger LSSV"]

1. d4 d6 2. c4 Nf6 3. Nc3 b6 4. e4 e6 5. Nf3 Be7 6. Be2 O-O 7. O-O Bb7 8. Qc2
Na6 9. a3 c6 10. e5 Ne8 11. Rd1 Nac7 12. Be3 f5 13. exd6 Nxd6 14. Qc1 Nf7 15.
Ne5 Bf6 16. f4 Qe7 17. Bf3 Bxe5 18. dxe5 Rfd8 19. Qc2 Rxd1+ 20. Rxd1 Na6 21. b4
Rc8 22. Rd3 c5 23. Bxb7 Qxb7 24. b5 Nb8 25. Qd1 Qe7 26. a4 Rd8 27. Rxd8+ Nxd8
28. g4 Nf7 29. gxf5 exf5 30. Nd5 Qe6 31. Qh5 g6 32. Qh4 h6 33. Qe7 Qxe7 34.
Nxe7+ Kg7 35. Nc6 Kf8 1-0

[Event "Offene Hessische Senioren Einzelmeisters"]
[Site "Bad Sooden- Allendorf"]
[Date "2013.04.20"]
[Round "1.50"]
[White "Brahn, Helmut"]
[Black "Essegern, Dr. Kurt"]
[Result "1/2-1/2"]
[WhiteElo "1547"]
[BlackElo "1952"]
[PlyCount "54"]
[EventDate "2013.??.??"]
[WhiteTeam "SG Springer Burghaun"]
[BlackTeam "Randspringer Bad Salzungen"]

1. c4 e5 2. d3 f5 3. e3 Nf6 4. Nf3 Nc6 5. a3 a5 6. Nc3 d5 7. cxd5 Nxd5 8. Bd2
Be6 9. Be2 Be7 10. Nxd5 Qxd5 11. Bc3 O-O 12. O-O Rfd8 13. Qc2 a4 14. Rac1 Bf6
15. Rfd1 Qd7 16. Nd2 Ne7 17. Bb4 c6 18. b3 axb3 19. Nxb3 Nd5 20. Nc5 Nxb4 21.
axb4 Qe7 22. Nxe6 Qxe6 23. d4 Kf8 24. Bc4 Qc8 25. dxe5 Rxd1+ 26. Rxd1 Bxe5 27.
g3 Ra1 1/2-1/2